Riconosci la Squadra di calcio - Quiz n°341 - Statistics

Statistiche generali
  • Questo quiz è stato fatto 56 volte
  • Il punteggio medio è 7 su 9
Statistiche sulle risposte
Indizio Risposta % Corretto
Colori sociali Rosso, bianco
98%
Trofei nazionali 3 Coppe dei Paesi Bassi1 Johan Cruijff Schaal
94%
Titoli nazionali 0
90%
Divisione nazionale 2023-2024 Prima
81%
Confederazione UEFA
77%
Fondazione 1970
65%
Trofei internazionali 0
63%
Capienza Stadio 23 750 posti
60%
Squadra Utrecht
23%
Nessun quiz corrispondente trovato
Distribuzione punteggi
Percentuale di utenti per punteggio
Percentile per numero di risposta
I tuoi punteggi nel tempo
Non hai fatto questo quiz